Statistics for Countries with the Most Ice-Covered Area

Click here to take the quiz!

General Stats

  • This quiz has been taken 22,185 times
  • The average score is 16 of 20

Answer Stats

km²Country% Correct
183,144Canada
99%
53,094Russia
99%
35,328Norway
97%
65,365United States
97%
62,856China
92%
6,856Argentina
88%
27,963Chile
88%
11,025Iceland
85%
7,833India
79%
4,884Nepal
79%
1,135Kazakhstan
77%
2,109Pakistan
71%
1,048Bhutan
68%
976Switzerland
68%
1,085New Zealand
65%
6,093Kyrgyzstan
64%
3,001Peru
64%
10,852Tajikistan
64%
3,176Afghanistan
63%
859Bolivia
56%

Score Distribution

Percentile by Number Answered

Percent of People with Each Score

Your Score History

You have not taken this quiz